|
|
|
|
| LEADER |
00000cam a2200000 7i4500 |
| 001 |
0000003733 |
| 005 |
20110503.0 |
| 020 |
0 |
0 |
|a 9831000641
|
| 090 |
0 |
0 |
|a R 495.639923
|b ZAI
|d MR
|
| 100 |
0 |
0 |
|a Zainal Abidin Kasim
|
| 245 |
0 |
2 |
|a Kamus makna Jepun-Melayu
|c Zainal Abidin Kasim & Jaafar Jambi
|
| 260 |
0 |
0 |
|a Kuala Lumpur :
|b Jabatan Penerbitan Universiti Malaya ,
|c 1999
|
| 300 |
|
|
|a 340 p. ;
|c 19 cm.
|
| 504 |
0 |
0 |
|a Bibliografi : ms 341
|
| 650 |
0 |
0 |
|a Japanese language--- Dictionaries
|x Malay
|
| 650 |
0 |
0 |
|a Malay language--- Dictionaries
|x Malay
|
| 700 |
0 |
1 |
|a Jaafar Jambi
|
| 999 |
|
|
|a 007194
|b Monograph
|c Reference
|e Default branch
|